000 00689nam#a22002175a#4500
001 713
008 080624s2007####ag#####g######001#0dspa#d
245 1 0 _aTres aventuras por el mundo del conocimiento :
_bUna invitación a la lectura. /
_cMinisterio de Educación, Ciencia y Tecnología de la Nación.
250 _a1ª ed.
260 _aBuenos Aires :
_bEudeba,
_c2007.
300 _a143 p. :
_c23 cm.
490 0 _aPlan Nacional de Lectura
110 2 _aMinisterio de Educación, Ciencia y Tecnología de la Nación.
080 _a82
084 _aL35
653 _aLiteratura contemporánea
040 _aAR-ClEAG
_cAR-ClEAG
005 20241107184644.0
003 AR-ClEAG
942 _cBK
999 _c713
_d713
980 _62
_aEvangelina Gallicchio
_82
_gEvangelina Gallicchio